ბათუმის შოთა რუსთაველის სახელმწიფო უნივერსიტეტის ბიბლიოთეკა

ქართული წიგნის ხელოვნება XX-XXI = Georgian Book Art XX-XXI : (ბიბ.ჩანაწერი № 60075)

000 -ლიდერი
ფიქსირებული სიგრძის საკონტროლო ველი 01553nam a22002297a 4500
003 - საკონტროლო ნომრის იდენტიფიკატორი
საკონტროლო ველი Ge_BSU
005 - ბოლო ოპერაციის თარიღი და დრო
საკონტროლო ველი 20230605113952.0
008 - ფიქსირებული სიგრძის მონაცემთა ელემენტები - ზოგადი ინფორმაცია
ფიქსირებული სიგრძის საკონტროლო ველი 230605s2018ge xxu||||| |||| 00| 0 geo d
020 ## - წიგნის საერთაშორისო სტანდარტული ნომერი
International Standard Book Number 9788301203085
041 ## - ენის კოდი
Language code of text/sound track or separate title geo
080 ## - უნივერსალური ათობითი კლასიფიკაციის ინდექსი
Universal Decimal Classification number 769.2(479.22) ჯ-56
100 ## - მთავარი ჩანაწერი - პიროვნების სახელი
Personal name ჯიშკარიანი, ნინო, ავტორი, შემდგენელი.
9 (RLIN) 18468
245 ## - ცნობა სათაურის შესახებ
Title ქართული წიგნის ხელოვნება XX-XXI = Georgian Book Art XX-XXI :
Remainder of title [ალბომი] /
Statement of responsibility, etc ავტორი და შემდგენელი ნინო ჯიშკარიანი ; თარგმანი ნინო კაკიაშვილი ; რედაქტორი ნინო სვანიძე ; ფოტო: ანი გაბიძაშვილი [და სხვ.] ; დიზაინი სანდრო ჩხაიძე.
264 ## - წარმოების, გამოცემის, დისტრიბუციის და სხვა ცნობები
გამოცემის, წარმოების, დისტრიბუციის... ადგილი Warszawa :
გამოცემის, წარმოების, დისტრიბუციის... სახელწოდება PWN,
გამოცემის, წარმოების, დისტრიბუციის... თარიღი 2018.
300 ## - ფიზიკური აღწერა
Extent 220 გვ. :
Other physical details ილ., პორტრ. ;
Dimensions 29 სმ.
546 ## - LANGUAGE NOTE
Language note ყდა, თავფურცელი და ტექსტი ქართ. და ინგლ. ენებზე.
653 ## - INDEX TERM--UNCONTROLLED
Uncontrolled term ქართული წიგნის ილუსტრაციები.
700 ## - ADDED ENTRY--PERSONAL NAME
Personal name კაკიაშვილი, ნონო
Relator term მთარგმნელი
9 (RLIN) 18469
700 ## - ADDED ENTRY--PERSONAL NAME
Personal name სვანიძე, ნინო
Relator term რედაქტორი
9 (RLIN) 13337
700 ## - ADDED ENTRY--PERSONAL NAME
Personal name გაბიძაშვილი, ანი
Relator term ფოტო და სხვ
9 (RLIN) 18470
942 ## - ADDED ENTRY ELEMENTS (KOHA)
Source of classification or shelving scheme
Koha item type წიგნი
ეგზემპლარები
ჩამოწერის სტატუსი დაკარგული ეგზემპლარის სტატუსი კლასიფიკაციის წყარო ან თაროზე გაწყობის სქემა დაზიანების სტატუსი არ გაიცემა მუდმივი მდებარეობა (დაცვის ადგილი) ამჟამინდელი ადგილსამყოფელი თაროზე განთავსების ადგილი შეძენის თარიღი ღირებულება, შესყიდვის ნორმალური ფასი სრული შენახვის შიფრი შტრიხკოდი ბოლო ოპერაციის თარიღი ეგზემპლარის მიმდევრობითი ნომერი (კეტერი?) ფასის ძალაში შესვლის თარიღი ეგზემპლარის სახეობა საჯარო შენიშვნა
          ბათუმის შოთა რუსთაველის სახელმწიფო უნივერსიტეტის მთავარი ბიბლიოთეკა ბათუმის შოთა რუსთაველის სახელმწიფო უნივერსიტეტის მთავარი ბიბლიოთეკა წიგნსაცავი 2023-06-05 73.00 769.2(479.22) ჯ-56 29553 2023-06-05 29553 2023-06-05 წიგნი 73ლ.80თ.
          ბათუმის შოთა რუსთაველის სახელმწიფო უნივერსიტეტის მთავარი ბიბლიოთეკა ბათუმის შოთა რუსთაველის სახელმწიფო უნივერსიტეტის მთავარი ბიბლიოთეკა წიგნსაცავი 2023-06-05 73.00 769.2(479.22) ჯ-56 29554 2023-06-05 29554 2023-06-05 წიგნი 73ლ.80თ.
          ბათუმის შოთა რუსთაველის სახელმწიფო უნივერსიტეტის მთავარი ბიბლიოთეკა ბათუმის შოთა რუსთაველის სახელმწიფო უნივერსიტეტის მთავარი ბიბლიოთეკა წიგნსაცავი 2023-06-05 73.00 769.2(479.22) ჯ-56 29555 2023-06-05 29555 2023-06-05 წიგნი 73ლ.80თ.